[Event "XLI Torneo di Capodanno"]
[Site "Reggio nell'Emilia ITA"]
[Date "1999.01.03"]
[Round "7"]
[White "Vezzosi, Paolo"]
[Black "Borgo, Giulio"]
[Result "1-0"]
[WhiteElo "2325"]
[BlackElo "2445"]
[PlyCount "43"]
[EventDate "1998.12.28"]

1. d4 d5 2. Nf3 c6 3. c4 e6 4. Nbd2 Nf6 5. e3 Nbd7 6. Bd3 Bd6 7. O-O O-O 8. e4
dxe4 9. Nxe4 Nxe4 10. Bxe4 Re8 11. b3 e5 12. Bb2 Nf6 13. Bxc6 e4 14. Bxe8 Bg4
15. Bxf7+ Kxf7 16. Ng5+ Kg6 17. f3 Qc7 18. Nxe4 Bxh2+ 19. Kh1 Nxe4 20. Qd3 Qg3
21. Qxe4+ Bf5 22. Qe5 1-0

[Event "XLI Torneo di Capodanno"]
[Site "Reggio nell'Emilia ITA"]
[Date "1999.01.04"]
[Round "8"]
[White "Aldrovandi, Costantino"]
[Black "Komarov, Dimitri"]
[Result "1/2-1/2"]
[WhiteElo "2280"]
[BlackElo "2580"]
[PlyCount "46"]
[EventDate "1998.12.28"]

1. e4 e6 2. d4 d5 3. e5 c5 4. c3 Nc6 5. Nf3 Qb6 6. a3 Nh6 7. b4 cxd4 8. cxd4
Nf5 9. Be3 Bd7 10. Bd3 Nxe3 11. fxe3 Be7 12. O-O Rc8 13. Qe1 f6 14. Nc3 O-O 15.
exf6 Bxf6 16. Na4 Qd8 17. Qb1 Nxd4 18. exd4 Bxa4 19. Bxh7+ Kh8 20. Bg6 Qb6 21.
Qe1 Be8 22. Bxe8 Rfxe8 23. Kh1 Kg8 1/2-1/2

[Event "XLI Torneo di Capodanno"]
[Site "Reggio nell'Emilia ITA"]
[Date "1999.01.04"]
[Round "8"]
[White "Anceschi, Vittorio"]
[Black "Vezzosi, Paolo"]
[Result "1/2-1/2"]
[WhiteElo "2285"]
[BlackElo "2325"]
[PlyCount "50"]
[EventDate "1998.12.28"]

1. b3 d5 2. Bb2 Bg4 3. h3 Bh5 4. g4 Bg6 5. Bg2 e6 6. Nf3 Nd7 7. c4 c6 8. Nc3
Ngf6 9. d3 Bd6 10. Nh4 Qe7 11. Nxg6 hxg6 12. cxd5 exd5 13. d4 Ba3 14. Bxa3 Qxa3
15. Qd3 O-O-O 16. Qg3 Nf8 17. O-O Ne6 18. e3 g5 19. Rfc1 Qd6 20. Qxd6 Rxd6 21.
b4 Kb8 22. a4 Rc8 23. Rab1 g6 24. Rb2 Nd7 25. Rbc2 Nf6 1/2-1/2

[Event "XLI Torneo di Capodanno"]
[Site "Reggio nell'Emilia ITA"]
[Date "1999.01.04"]
[Round "8"]
[White "Borgo, Giulio"]
[Black "Solozhenkin, Evgeniy"]
[Result "1/2-1/2"]
[WhiteElo "2445"]
[BlackElo "2535"]
[PlyCount "25"]
[EventDate "1998.12.28"]

1. e4 Nf6 2. e5 Nd5 3. d4 d6 4. Nf3 Bg4 5. Be2 e6 6. O-O Be7 7. c4 Nb6 8. exd6
cxd6 9. Nc3 O-O 10. h3 Bh5 11. b3 d5 12. c5 N6d7 13. Be3 1/2-1/2

[Event "XLI Torneo di Capodanno"]
[Site "Reggio nell'Emilia ITA"]
[Date "1999.01.04"]
[Round "8"]
[White "Efimov, Igor"]
[Black "Drei, Andrea"]
[Result "0-1"]
[WhiteElo "2530"]
[BlackElo "2340"]
[PlyCount "68"]
[EventDate "1998.12.28"]

1. e4 c5 2. Nf3 e6 3. d4 cxd4 4. Nxd4 Nc6 5. Nc3 Qc7 6. g3 a6 7. Bg2 Nf6 8. O-O
Bc5 9. Nxc6 dxc6 10. Na4 Ba7 11. c4 Nd7 12. Qg4 Bd4 13. Be3 Bxe3 14. fxe3 O-O
15. Rac1 b5 16. cxb5 axb5 17. Nc5 Nb6 18. a3 Nc4 19. Qh5 e5 20. Rf2 Qb6 21. b4
Rxa3 22. Bh3 Bxh3 23. Qxh3 Qa7 24. Qg4 Ra1 25. Qd1 Ra8 26. Rf1 Rxc1 27. Qxc1
Qa3 28. Qxa3 Rxa3 29. Rd1 g5 30. Rd8+ Kg7 31. Rd7 Ra1+ 32. Kg2 Ra2+ 33. Kh3
Nxe3 34. g4 Nf1 0-1

[Event "XLI Torneo di Capodanno"]
[Site "Reggio nell'Emilia ITA"]
[Date "1999.01.04"]
[Round "8"]
[White "Tomescu, Vlad"]
[Black "Lputian, Smbat G."]
[Result "1/2-1/2"]
[WhiteElo "2425"]
[BlackElo "2615"]
[PlyCount "157"]
[EventDate "1998.12.28"]

1. e4 e6 2. d4 d5 3. Nd2 c5 4. exd5 exd5 5. Ngf3 Nc6 6. Bb5 Bd6 7. dxc5 Bxc5 8.
O-O Nge7 9. Nb3 Bd6 10. h3 O-O 11. Bd3 h6 12. Be3 Bc7 13. Re1 Qd6 14. Bc5 Qf6
15. Nbd4 Rd8 16. Nxc6 Nxc6 17. c3 b6 18. Bd4 Nxd4 19. Nxd4 Qd6 20. Nf3 Bb7 21.
Bc2 Re8 22. Qd4 a6 23. Rad1 b5 24. Qd3 g6 25. Bb3 Rxe1+ 26. Rxe1 Rd8 27. Qd2 h5
28. Qh6 Qf8 29. Qxf8+ Kxf8 30. a3 Bb6 31. Nd4 Bxd4 32. cxd4 Rc8 33. f4 a5 34.
Kf2 a4 35. Ba2 h4 36. Re2 Rc1 37. Re1 Rc6 38. Re2 Rb6 39. b4 axb3 40. Bxb3 Ra6
41. Ra2 Bc6 42. Ke3 Ke7 43. Kf3 f5 44. g3 hxg3 45. Kxg3 Ra8 46. h4 Kd6 47. Kf3
Bd7 48. Ke3 Re8+ 49. Kd3 Re4 50. Rf2 Be8 51. Rf3 Bd7 52. Rf2 Re1 53. Rg2 Rh1
54. Rxg6+ Be6 55. Rg3 Rxh4 56. Rf3 Bf7 57. Ke3 Rh1 58. Kd2 Ra1 59. Bc2 Be6 60.
Rb3 Rf1 61. Ke3 Bd7 62. Bd3 Rh1 63. Rb1 Rh3+ 64. Ke2 Rh2+ 65. Ke3 Ra2 66. Rb3
Kc7 67. Bxb5 Bxb5 68. Rxb5 Rxa3+ 69. Ke2 Kc6 70. Rb8 Ra4 71. Ke3 Ra7 72. Rf8
Ra3+ 73. Ke2 Kb5 74. Rxf5 Kc4 75. Re5 Kxd4 76. Re7 Rh3 77. f5 Kc5 78. f6 Kd6
79. Ra7 1/2-1/2

[Event "XLI Torneo di Capodanno"]
[Site "Reggio nell'Emilia ITA"]
[Date "1999.01.05"]
[Round "9"]
[White "Drei, Andrea"]
[Black "Borgo, Giulio"]
[Result "1-0"]
[WhiteElo "2340"]
[BlackElo "2445"]
[PlyCount "120"]
[EventDate "1998.12.28"]

1. e4 c5 2. Nf3 Nc6 3. d4 cxd4 4. Nxd4 Qb6 5. Nb5 a6 6. Be3 Qa5+ 7. N5c3 e6 8.
Nd2 b5 9. Bd3 Nf6 10. f4 d6 11. O-O Qc7 12. Qf3 Bb7 13. Rae1 Nb4 14. Qg3 Nd7
15. Rc1 Bc6 16. Be2 Bb7 17. f5 exf5 18. a3 Nc6 19. Nd5 Qd8 20. c4 Nce5 21. cxb5
Bxd5 22. exd5 axb5 23. Bxb5 g6 24. Nc4 Nxc4 25. Rxc4 Be7 26. Bc6 Rb8 27. Ba7
Rc8 28. Bxd7+ Qxd7 29. Rxc8+ Qxc8 30. Re1 Qb7 31. Qe3 f4 32. Qb6 Qxb6+ 33. Bxb6
Kd7 34. Bd4 Rb8 35. Bc3 Rb5 36. Rd1 Rb3 37. Kf1 Bd8 38. Ke2 f5 39. Kd3 g5 40.
Kc4 Rb8 41. b4 h5 42. a4 Rc8+ 43. Kb3 Bb6 44. a5 Be3 45. b5 h4 46. b6 h3 47.
gxh3 f3 48. b7 Rb8 49. a6 f2 50. Kc4 f4 51. Kd3 Kc7 52. Bd4 Bxd4 53. Kxd4 Kb6
54. Ke4 Kxa6 55. Kf5 Rxb7 56. Rf1 Rb3 57. Rxf2 Rxh3 58. Ke6 Rh6+ 59. Kf5 Rh3
60. Rd2 Kb5 1-0

[Event "XLI Torneo di Capodanno"]
[Site "Reggio nell'Emilia ITA"]
[Date "1999.01.05"]
[Round "9"]
[White "Komarov, Dimitri"]
[Black "Tomescu, Vlad"]
[Result "1-0"]
[WhiteElo "2580"]
[BlackElo "2425"]
[PlyCount "61"]
[EventDate "1998.12.28"]

1. d4 Nf6 2. c4 g6 3. Nc3 d5 4. Nf3 Bg7 5. cxd5 Nxd5 6. e4 Nxc3 7. bxc3 O-O 8.
Be2 c5 9. O-O b6 10. Bg5 Bb7 11. Qd3 Nd7 12. d5 Qe8 13. Rad1 f5 14. exf5 Rxf5
15. c4 e5 16. Qd2 e4 17. Nh4 Rxg5 18. Qxg5 Bf6 19. Qg4 Nf8 20. Nf5 Qe5 21. Ne3
Re8 22. Rfe1 h5 23. Qg3 Qb2 24. Bxh5 Be5 25. Qh3 gxh5 26. Qxh5 Re7 27. Nf5 Rh7
28. Nh6+ Kg7 29. Rxe4 Rxh6 30. Qxe5+ Qxe5 31. Rxe5 1-0

[Event "XLI Torneo di Capodanno"]
[Site "Reggio nell'Emilia ITA"]
[Date "1999.01.05"]
[Round "9"]
[White "Solozhenkin, Evgeniy"]
[Black "Anceschi, Vittorio"]
[Result "1-0"]
[WhiteElo "2535"]
[BlackElo "2285"]
[PlyCount "95"]
[EventDate "1998.12.28"]

1. e4 d6 2. d4 Nf6 3. Nc3 g6 4. Nf3 Bg7 5. Be2 O-O 6. O-O c6 7. Bf4 Qb6 8. Rb1
Bg4 9. h3 Bxf3 10. Bxf3 Nfd7 11. Be3 Qc7 12. Qd2 Nb6 13. b3 N8d7 14. g3 Rad8
15. Bg2 e5 16. Rbd1 Rfe8 17. f4 f6 18. a4 Nc8 19. Rfe1 Nf8 20. Qf2 exd4 21.
Bxd4 Ne6 22. Be3 f5 23. Qd2 Qa5 24. Ne2 Qxd2 25. Bxd2 fxe4 26. Bxe4 d5 27. Bf3
Nd4 28. Nxd4 Bxd4+ 29. Kg2 Bf6 30. Ba5 b6 31. Bb4 Rxe1 32. Bxe1 Nd6 33. Bf2 Kf7
34. a5 Ne4 35. Bxe4 dxe4 36. Rxd8 Bxd8 37. Bxb6 Bxb6 38. axb6 axb6 39. Kf2 Ke6
40. Ke3 Kd5 41. c4+ Kc5 42. g4 b5 43. f5 gxf5 44. gxf5 Kd6 45. Kxe4 bxc4 46.
bxc4 Ke7 47. Ke5 h5 48. c5 1-0

[Event "XLI Torneo di Capodanno"]
[Site "Reggio nell'Emilia ITA"]
[Date "1999.01.05"]
[Round "9"]
[White "Vezzosi, Paolo"]
[Black "Aldrovandi, Costantino"]
[Result "1/2-1/2"]
[WhiteElo "2325"]
[BlackElo "2280"]
[PlyCount "145"]
[EventDate "1998.12.28"]

1. d4 c5 2. d5 e5 3. e4 d6 4. Be2 g6 5. Nf3 Bg7 6. Nc3 Ne7 7. h4 h6 8. h5 g5 9.
Nd2 O-O 10. g4 Nd7 11. a4 Nf6 12. Nc4 Ne8 13. a5 Bd7 14. Be3 Rb8 15. Qd2 Qc8
16. f3 b5 17. axb6 axb6 18. Na3 Nc7 19. Bb5 Nxb5 20. Naxb5 Bxb5 21. Nxb5 Qd7
22. c4 Ra8 23. Ke2 Rfb8 24. Qc2 Nc8 25. Ra4 Qb7 26. Rha1 Bf6 27. Kd3 Kf8 28.
Qb3 Rxa4 29. Qxa4 Qd7 30. Qa6 Bd8 31. Ra3 Ke8 32. Bd2 Kf8 33. Ra4 Ke8 34. b4
Kf8 35. Na3 Ke8 36. Bc3 f6 37. Kc2 Ke7 38. Kb3 Ke8 39. Qb5 Qxb5 40. Nxb5 Kd7
41. Ra6 Bc7 42. Ka4 Bd8 43. Bd2 Bc7 44. Na3 Bd8 45. Nc2 Bc7 46. Ne3 Ne7 47. Kb5
Bd8 48. Ra7+ Bc7 49. Bc3 Nc8 50. Ra1 Ne7 51. Ra6 Bd8 52. Nc2 Bc7 53. Ka4 Nc8
54. Na3 Bd8 55. Nb5 Bc7 56. Kb3 Bd8 57. Ra4 Bc7 58. Na7 Nxa7 59. Rxa7 Kc8 60.
Ka4 Rb7 61. Ra6 Rb8 62. Kb5 Kb7 63. bxc5 dxc5 64. d6 Bd8 65. Ra1 Rc8 66. Bb2
Rb8 67. Bc1 Rc8 68. Be3 Kb8 69. Ra4 Kb7 70. Ra6 Rb8 71. d7 Kc7 72. Ra7+ Rb7 73.
Rxb7+ 1/2-1/2